Le rivolte giudaiche
Guardat en:
| Autor principal: | |
|---|---|
| Format: | Llibre |
| Idioma: | italià |
| Publicat: |
Roma
Editore Laterza
1999
|
| Edició: | 1a. ed |
| Col·lecció: | Biblioteca Ezzenziale Laterza, 26
|
| Matèries: | |
| Etiquetes: |
Afegir etiqueta
Sense etiquetes, Sigues el primer a etiquetar aquest registre!
|
MARC
| LEADER | 00000cam a2200000 a 4500 | ||
|---|---|---|---|
| 001 | UCD9374 | ||
| 003 | CL-VaPUC | ||
| 008 | 170616e19990000it |||||||||||||||||ita|d | ||
| 020 | |a 8842058459 | ||
| 082 | 0 | 4 | |a 222 |b FIR |2 21 |
| 100 | 0 | |a Firpo, Giulio |e author |9 593073 | |
| 245 | 1 | 3 | |a Le rivolte giudaiche |
| 250 | |a 1a. ed | ||
| 300 | |a 127 p | ||
| 942 | |c BK | ||
| 945 | |d 20170616 21:05:00 |a arojas | ||
| 260 | |a Roma |b Editore Laterza |c 1999 | ||
| 650 | 7 | |a HISTORIA DE LA BIBLIA |2 CL-VaPUC |9 472058 | |
| 650 | 0 | |a Judíos |9 313771 | |
| 650 | 0 | |a Antiguo testamento |9 313678 | |
| 650 | 7 | |a MACABEOS |2 CL-VaPUC |9 485758 | |
| 583 | |a last modification |c 20170616 21:05:00 |k Rodrigo Vera | ||
| 490 | 0 | |a Biblioteca Ezzenziale Laterza, 26 | |
| 999 | |c 368584 |d 368582 | ||
| 952 | |0 0 |1 0 |3 erb |4 0 |6 222_000000000000000_FIR_1999 |7 0 |8 A |9 483942 |a FDOLAF |b FDOLAF |i 5397197 |o 222 FIR 1999 |p 5397197 |r 2024-01-30 |w 2019-11-24 |y BK |z Catalogado en:20170616 |k LAF | ||